• 首页
  • 本馆介绍
  • 公告通知
  • 最新文献
  • 馆藏检索
  • 电子资源
  • 读者导购
  • 参考咨询
  • 我的图书馆
  • 登录
  • 详细信息显示
  • 放入我的书架
  • 预约/预借图书
  • 作者相关作品
  • 分类相关作品
  • 丛书相关作品
  • 出版社相关作品

书目信息

  • 表格格式
  • 工作单格式
  • 卡片格式
题名:
中国经济思想通史续集
    
 
作者: 赵靖 主编
分册:  
出版信息: 北京   北京大学出版社  2004
页数: 16,603页
开本: 23cm
丛书名:
单 册:
中图分类: F092.6
科图分类:
主题词: 经济思想史--中国--近代 , 经济思想史
电子资源:
ISBN: 7-301-07287-2
000 00882nam0 2200253 450
001 012007738840
005 20070517090013.92
010    @a7-301-07287-2@dCNY38.80
100    @a20070514d2004 km y0chiy0120 ea
101 0  @achi
102    @aCN@b110000
105    @ay z 000yy
106    @ar
200 1  @a中国经济思想通史续集@Azhong guo jing ji si xiang tong shi xu ji@e中国近代经济思想史@f赵靖主编@Fzhao jing zhu bian
210    @a北京@c北京大学出版社@d2004
215    @a16,603页@d23cm
330    @a本书对1840年第一次鸦片战争至1925年国民政府成立以前中国近代半殖民地半封建社会经济思想发展变化的历史进行了研究。
517 1  @a中国近代经济思想史@Azhong guo jin dai jing ji si xiang shi
606 0  @a经济思想史@y中国@z近代
606 0  @a经济思想史
690    @aF092.6@v4
701  0 @a赵靖@Azhao jing@f(1922~)@4主编
801  0 @aCN@bRULIN@c20070517
905    @dF092.6@e28@s8
    
    中国经济思想通史续集:中国近代经济思想史/赵靖主编.-北京:北京大学出版社,2004
    16,603页;23cm
    
    
    ISBN 7-301-07287-2:CNY38.80
    本书对1840年第一次鸦片战争至1925年国民政府成立以前中国近代半殖民地半封建社会经济思想发展变化的历史进行了研究。
●
相关链接 在E读中查询图书 在五车中查询图书 在当当中查询图书 在豆瓣中查询图书


正题名:中国经济思想通史续集     索取号:F092.6/28         预约/预借

序号 登录号 条形码 馆藏地/架位号 状态 备注
1 0577321   205773215   第一样本阅览室/ [索取号:F092.6/28] 在馆    
2 0577322   205773224   密集书库/ [索取号:F092.6/28] 在馆    
3 0577323   205773233   第一借阅区/ [索取号:F092.6/28] 在馆    
4 0577324   205773242   第一借阅区/ [索取号:F092.6/28] 在馆    
5 0577325   205773251   第一借阅区/ [索取号:F092.6/28] 在馆    
6 0577326   205773260   密集书库/ [索取号:F092.6/28] 在馆    
7 0577327   205773279   第一借阅区/ [索取号:F092.6/28] 在馆    
8 0577328   205773288   密集书库/ [索取号:F092.6/28] 在馆    
唐山师范学院图书馆 欢迎您!
大连网信软件有限公司© 版权所有